Selected speeches and writings / (Record no. 118782)
[ view plain ]
| 000 -LEADER | |
|---|---|
| fixed length control field | 01641cam a2200349 a 4500 |
| 001 - CONTROL NUMBER | |
| control field | 2962582 |
| 003 - CONTROL NUMBER IDENTIFIER | |
| control field | ARRUPE |
| 005 - DATE AND TIME OF LATEST TRANSACTION | |
| control field | 20131127133804.0 |
| 008 - FIXED-LENGTH DATA ELEMENTS--GENERAL INFORMATION | |
| fixed length control field | 910226s1992 nyu b 001 0 eng |
| 010 ## - LIBRARY OF CONGRESS CONTROL NUMBER | |
| LC control number | 91050227 |
| 020 ## - INTERNATIONAL STANDARD BOOK NUMBER | |
| International Standard Book Number | 0679737316 (alk. paper) : |
| Terms of availability | $11.50 ($14.50 Can.) |
| 040 ## - CATALOGING SOURCE | |
| Original cataloging agency | DLC |
| Transcribing agency | DLC |
| Modifying agency | DLC |
| 043 ## - GEOGRAPHIC AREA CODE | |
| Geographic area code | n-us--- |
| 050 00 - LIBRARY OF CONGRESS CALL NUMBER | |
| Classification number | E457.92 |
| Item number | 1991 |
| 300 ## - PHYSICAL DESCRIPTION | |
| Dimensions | 21 cm. |
| 100 1# - MAIN ENTRY--PERSONAL NAME | |
| Personal name | Lincoln, Abraham, |
| Dates associated with a name | 1809-1865. |
| 9 (RLIN) | 4220 |
| 240 10 - UNIFORM TITLE | |
| Uniform title | <a href="Works.">Works.</a> |
| Form subheading | Selections. |
| Date of a work | 1991 |
| 245 10 - TITLE STATEMENT | |
| Title | Selected speeches and writings / |
| Statement of responsibility, etc | by Abraham Lincoln. |
| 250 ## - EDITION STATEMENT | |
| Edition statement | 1st Vintage Books, Library of America ed. |
| 260 ## - PUBLICATION, DISTRIBUTION, ETC. (IMPRINT) | |
| Place of publication, distribution, etc | New York : |
| Name of publisher, distributor, etc | Vintage Books, |
| Date of publication, distribution, etc | 1992. |
| 300 ## - PHYSICAL DESCRIPTION | |
| Extent | xxvii, 515 p. ; |
| 440 #4 - SERIES STATEMENT/ADDED ENTRY--TITLE | |
| Title | The Library of America |
| 9 (RLIN) | 4221 |
| 500 ## - GENERAL NOTE | |
| General note | The texts are selected from The collected works of Abraham Lincoln, edited by Roy Basler, c1953 and its supplement, c1974, and annotated by Don E. Fehrenbacher. |
| 500 ## - GENERAL NOTE | |
| General note | "Originally published in hardcover, in two separate volumes, by the Library of America, 1989"--T.p. verso. |
| 504 ## - BIBLIOGRAPHY, ETC. NOTE | |
| Bibliography, etc | Includes bibliographical references (p. 480-496) and index. |
| 610 20 - SUBJECT ADDED ENTRY--CORPORATE NAME | |
| Corporate name or jurisdiction name as entry element | Republican Party (U.S. : 1854- ) |
| General subdivision | History |
| Chronological subdivision | 19th century. |
| 9 (RLIN) | 4222 |
| 651 #0 - SUBJECT ADDED ENTRY--GEOGRAPHIC NAME | |
| Geographic name | United States |
| General subdivision | Politics and government |
| Chronological subdivision | 1857-1861. |
| 9 (RLIN) | 4223 |
| 651 #0 - SUBJECT ADDED ENTRY--GEOGRAPHIC NAME | |
| Geographic name | United States |
| General subdivision | Politics and government |
| Chronological subdivision | 1861-1865. |
| 9 (RLIN) | 4224 |
| 856 42 - ELECTRONIC LOCATION AND ACCESS | |
| Materials specified | Publisher description |
| Uniform Resource Identifier | <a href="http://www.loc.gov/catdir/description/random048/91050227.html">http://www.loc.gov/catdir/description/random048/91050227.html</a> |
| 906 ## - LOCAL DATA ELEMENT F, LDF (RLIN) | |
| a | 7 |
| b | cbc |
| c | orignew |
| d | 1 |
| e | ocip |
| f | 19 |
| g | y-gencatlg |
| 942 ## - ADDED ENTRY ELEMENTS (KOHA) | |
| Source of classification or shelving scheme | Library of Congress Classification |
| Koha item type | Monograph ( Printed materials) |
| Withdrawn status | Lost status | Source of classification or shelving scheme | Damaged status | Not for loan | Home library | Current library | Shelving location | Date acquired | Total Checkouts | Full call number | Barcode | Date last seen | Price effective from | Koha item type |
|---|---|---|---|---|---|---|---|---|---|---|---|---|---|---|
| Library of Congress Classification | ARRUPE LIBRARY | ARRUPE LIBRARY | Main Collection | 27/11/2013 | E457.92 1991 | 46410836 | 13/12/2017 | 27/11/2013 | Monograph ( Printed materials) |